| 000 | 00810nam a2200253 i 4500 | ||
|---|---|---|---|
| 001 | bg | ||
| 100 | 1 | _aWAŚNIEWSKI, Tadeusz | |
| 245 | 1 | 0 |
_aRachunkowość w przedsiębiorstwie : _bpodstawy rachunkowości oraz zadania i rozwiązania. _nT. 1 / _cTadeusz Waśniewski, Waldemar Gos ; Fundacja Rozwoju Rachunkowości w Polsce. |
| 260 |
_aWarszawa : _bFRR, _c1997. |
||
| 300 |
_a262 s. ; _c23 cm. |
||
| 650 | 9 | _aRachunkowość | |
| 655 | _aPodręczniki | ||
| 700 | 1 | _aGOS, Waldemar | |
| 710 | 0 | _aFundacja Rozwoju Rachunkowości w Polsce (Warszawa) | |
| 020 | _a8386543574 (t. 1) | ||
| 020 | _a8386543671 (2 t.) | ||
| 040 | _cBPK | ||
| 041 | 0 | _apl | |
| 080 | _a657(07) | ||
| 920 | _a83-86543-57-4 (t. 1) | ||
| 920 | _a83-86543-67-1 (2 t.) | ||
| 942 | _cKS | ||
| 008 | s pl f |000 0 pol | ||
| 999 |
_c36730 _d36730 |
||
| 856 |
_uhttp://koha.tu.koszalin.pl/cgi-bin/koha/opac-detail.pl?biblionumber=36730 _yKatalog online BPK |
||